| 000 | 00390pab a2200157 454500 | ||
|---|---|---|---|
| 008 | 180718b2011 xxu||||| |||| 00| 0 eng d | ||
| 100 | _aHarish Kumar | ||
| 245 | _aTeacher: A professional with a blend of numerous personality ingredients | ||
| 260 | _c2011 | ||
| 300 | _ap.8-10. | ||
| 362 | _a28 Mar | ||
| 650 | _aTeachers | ||
| 773 | _aUniversity News | ||
| 908 | _aN | ||
| 909 | _a91118 | ||
| 999 |
_c91118 _d91118 |
||